000 01236cam a22003131i 4500
001 gs 05000910
003 DLC
005 20260227111302.0
008 790223s1905 dcuabf f001 0 eng
010 _ags 05000910
035 _a(OCoLC)4684722
040 _aDLC
_cICharE
_dOCoLC
_dDLC
042 _apremarc
043 _an-us-tx
050 0 0 _aQE75
_b.B9 no. 266
100 1 _aCragin, Francis Whittemore,
_d1858-1937.
245 1 0 _aPaleontology of the Malone Jurassic formation of Texas /
_cby Francis Whittemore Cragin; with stratigraphic notes on Malone mountain and the surrounding region near Sierra Blanca, Texas, by T.W. Stanton.
260 _aWashington,
_bGovt. Print. Off.,
_c1905.
300 _a172, v p. :
_bill., xxix pl. (part double, incl. map);
_c24 cm.
490 1 _aU.S. Geological survey. Bulletin
_vno. 266
500 _aSubject series: C, Systematic geology and paleontology, 73.
500 _aIssued also as thesis (Ph. D.) Johns Hopkins University.
500 _aIncludes index.
650 0 _aPaleontology
_zTexas
650 0 _aPaleontology
_yJurassic.
650 0 _aGeology
_zTexas
700 1 _aStanton, T. W.
_q(Timothy William),
_d1860-
810 2 _aGeological Survey (U.S.).
_tBulletin ;
_vno. 266.
999 _c24319
_d24319